Statistics for Point Break (1991) Quiz

Click here to take the quiz!

General Stats

  • This quiz has been taken 14 times
  • The average score is 9 of 15

Answer Stats

HintAnswer% Correct
Which actor plays this character?Keanu Reeves
100%
What is the main character's name?Johnny Utah
92%
And which actor played that character?Patrick Swayze
85%
However, what is the main passion of these bank robbers?Surfing
85%
Which character did this person previously date?Bodhi
77%
What is the main character's occupation?FBI Agent
77%
Who is played by which actor?Gary Busey
62%
What is the name given to the group of bank robbers that are the main focus of the movie?The Ex-Presidents
62%
On which famous beach does the final scene in the movie take place?Bells Beach
54%
What is the name of the character that has been pursuing these bank robbers?Angelo Pappas
46%
Who directed Point Break?Katherine Bigelow
46%
Which college did the main character attend, on a football scholarship?Ohio State
46%
Which rock & roll musician makes a cameo in Point Break?Anthony Kiedis
38%
Before spotting a robbery in progress, what food does the above request from his partner? (Hint: Get me two!)Meatball sandwich
31%
What is the name of the main character's love interest?Tyler Ann Endicott
31%

Score Distribution

Percentile by Number Answered

Percent of People with Each Score

Your Score History

You have not taken this quiz